| 000 | 03145nam a22002777a 4500 | ||
|---|---|---|---|
| 003 | GR-AtMCL | ||
| 005 | 20260114110421.0 | ||
| 006 | a|||||r||||||||||| | ||
| 008 | e202206 gr |||||||||||||||||gre|d | ||
| 020 | _a9786180144659 | ||
| 040 |
_aGR-AtMCL _bgre _dGR-AtMCL |
||
| 041 | 1 | _heng | |
| 100 |
_aGurnah, Abdulrazak _910262 |
||
| 240 | 1 | 0 |
_aAfterlives. _lΕλληνικά |
| 245 | 1 | 0 |
_aΆλλες ζωές / _cΑμπντουλραζάκ Γκούρνα ; μετάφραση Κατερίνα Σχινά |
| 250 | _a1η έκδ. | ||
| 264 | 1 |
_aΑθήνα : _bΕκδόσεις Ψυχογιός, _c2022 |
|
| 300 |
_a384 σελίδες ; _c21 εκ. |
||
| 500 | _aΤο κείμενο είναι μεταφρασμένο από τα αγγλικά | ||
| 520 | _aΔραπετεύοντας από το χωριό όπου γεννήθηκε, από μια περιοχή ταλανισμένη από τη φτώχεια, την πείνα και τους λοιμούς, ο νεαρός Ιλιάς φτάνει σε μια μικρή παραθαλάσσια πόλη όπου έκθαμβος παρακολουθεί την παρέλαση των Δυνάμεων Ασφαλείας στη Γερμανική Ανατολική Αφρική. Χρόνια αργότερα, το 1914, ενώ επίκειται ο μεγάλος πόλεμος μεταξύ των Βρετανών και των Γερμανών, στην Τάνγκα της Τανζανίας, o Ιλιάς αποφασίζει να καταταγεί στον γερμανικό στρατό, που αποτελείται κυρίως από Αφρικανούς μισθοφόρους, υποσχόμενος στη μικρή του αδελφή πως σύντομα θα επιστρέψει. Η υπόσχεσή του δε θα εκπληρωθεί ποτέ και το μυστήριο για το τι απέγινε ο Ιλιάς θα σκιάζει τη ζωή της Αφίγια ώσπου να γνωρίσει τον Χάμζα, έναν γενναιόδωρο και ονειροπόλο λιποτάκτη ο οποίος κατάφερε να διαφύγει από τη φρίκη του πολέμου. Οι δυο τους θα ζήσουν μια αναπάντεχη ιστορία αγάπης που θα ενώσει δυο οικογένειες αλλά και δυο ηπείρους, την Αφρική με την Ευρώπη. Συνδυάζοντας ιστορικά στοιχεία σε μια συγκινητική μυθοπλασία, ο Αμπντουλραζάκ Γκούρνα μάς προσφέρει ένα σπουδαίο λογοτεχνικό έργο για την Αφρική, την κληρονομιά της αποικιοκρατίας, τις φρικαλεότητες του πολέμου, καθώς και για τις απροσμέτρητες αντιφάσεις της ανθρώπινης φύσης. | ||
| 650 | 0 |
_aΑγγλική λογοτεχνία _910244 |
|
| 653 | _aΛογοτεχνία | ||
| 700 |
_aΣχινά, Κατερίνα _910263 |
||
| 942 | _cBK | ||
| 999 |
_c10045 _d10045 |
||